| 000 | 00539nam a2200229Ia 4500 | ||
|---|---|---|---|
| 003 | OSt | ||
| 005 | 20140318121849.0 | ||
| 008 | 140130s9999 xx 000 0 und d | ||
| 020 | _a0590383973 | ||
| 050 |
_aPZ 7 _b.M3688Ho 1998 |
||
| 100 |
_aMarzollo, Jean _96141 |
||
| 245 |
_aHockey Hero / _cMarzollo, Jean |
||
| 260 |
_bScholastic, _c1998. _aNew York : |
||
| 300 |
_bcol. ill. ; _c22 cm. |
||
| 440 |
_v1 _931174 |
||
| 521 | _aG2 | ||
| 526 | _c330 | ||
| 942 |
_cBK _2lcc |
||
| 999 |
_c41993 _d41993 |
||